| 000 | 00460nam a22001817a 4500 | ||
|---|---|---|---|
| 005 | 20241113153335.0 | ||
| 008 | 241113b |||||||| |||| 00| 0 eng d | ||
| 020 | _a9780730363989 | ||
| 082 |
_a657.028 _bSMI-X |
||
| 100 | _aSmith, Heater | ||
| 245 |
_aXero For Dummies / _cHeater Smith |
||
| 250 | _a4th ed. | ||
| 260 |
_aUSA: _bElsevier; _c2019. |
||
| 300 |
_axiv, 750 P. : _bill; _c24 cm. |
||
| 650 | _aInformation Technology | ||
| 999 |
_c36773 _d36773 |
||